[Event "Open San Miguel Grupo B"]
[Site "Trevias ESP"]
[Date "2007.09.21"]
[Round "5.2"]
[White "Sierra Canosa, Francisco"]
[Black "Fabre Masana, Miguel"]
[Result "0-1"]
[WhiteElo "2123"]
[BlackElo "2159"]
[PlyCount "200"]
[EventDate "2007.09.17"]
[EventType "swiss"]
[EventCountry "ESP"]
[Source "lmi"]
[SourceDate "2007.09.17"]

1. e4 c5 2. Nf3 Nc6 3. Nc3 d6 4. d4 cxd4 5. Nxd4 Nf6 6. f3 e5 7. Nb3 Be6 8. Be3
Be7 9. Qd2 O-O 10. O-O-O a5 11. Bb5 Nb4 12. g4 Rc8 13. g5 Nd7 14. Kb1 Qc7 15.
a3 Nc6 16. Nd5 Bxd5 17. exd5 Ncb8 18. Nxa5 Nc5 19. Nc4 f6 20. h4 Bd8 21. Qf2
Nbd7 22. b4 Na6 23. gxf6 Nxf6 24. Qg2 Qe7 25. Rhg1 Rf7 26. Qh3 Ra8 27. Bxa6
Rxa6 28. Qe6 Qd7 29. Bh6 Ne8 30. f4 b5 31. Nxe5 dxe5 32. Qxa6 Rf6 33. Qa8 Rxh6
34. fxe5 Rxh4 35. e6 Qe7 36. Rgf1 Nd6 37. Qc6 Rc4 38. Qd7 Qxd7 39. exd7 Rc7 40.
Rde1 Rxd7 41. Re6 Bf6 42. Rg1 Kf7 43. Ka2 Nc4 44. Ra6 Rxd5 45. Ra7+ Ke6 46. a4
bxa4 47. Rxa4 h5 48. b5 Nb6 49. Ra6 Rxb5 50. Rb1 Rxb1 51. Kxb1 Bd4 52. c3 Bc5
53. Ra5 Kd6 54. Ra7 g5 55. Rg7 Be3 56. Kc2 h4 57. Kd3 Bf4 58. Rg6+ Kc5 59. Ke4
Nc4 60. Rh6 Nd6+ 61. Kf3 Kd5 62. Kg4 Nf7 63. Rxh4 Ne5+ 64. Kh5 gxh4 65. Kxh4
Bd2 66. Kg3 Bxc3 67. Kf4 Nd7 68. Ke3 Bd4+ 69. Kf4 Nf8 70. Kf5 Be5 71. Kg4 Ke4
72. Kg5 Bg7 73. Kg4 Bh6 74. Kg3 Ng6 75. Kf2 Ne5 76. Kg3 Bg5 77. Kf2 Bf4 78. Kg2
Ng4 79. Kg1 Kf3 80. Kh1 Nf2+ 81. Kg1 Be5 82. Kf1 Bh2 83. Ke1 Ne4 84. Kd1 Ke3
85. Kc2 Nd2 86. Kc3 Bd6 87. Kc2 Be5 88. Kd1 Kd3 89. Ke1 Bg3+ 90. Kd1 Nc4 91.
Kc1 Bh4 92. Kd1 Nb2+ 93. Kc1 Kc3 94. Kb1 Bg5 95. Ka2 Nc4 96. Kb1 Kb3 97. Ka1
Bc1 98. Kb1 Ba3 99. Ka1 Bb2+ 100. Kb1 Na3# 0-1

[Event "Open San Miguel Grupo B"]
[Site "Trevias ESP"]
[Date "2007.09.21"]
[Round "5.3"]
[White "Martinez Riesgo, Jesus"]
[Black "Fidalgo Fernandez, Lucia"]
[Result "0-1"]
[WhiteElo "2021"]
[BlackElo "2068"]
[PlyCount "43"]
[EventDate "2007.09.17"]
[EventType "swiss"]
[EventCountry "ESP"]
[Source "lmi"]
[SourceDate "2007.09.17"]

1. e4 c5 2. c3 g6 3. d4 cxd4 4. cxd4 d5 5. exd5 Nf6 6. Nf3 Bg7 7. Be2 O-O 8.
O-O Nxd5 9. Ne5 Nd7 10. Nxd7 Bxd7 11. Nc3 Bc6 12. Qb3 e6 13. Rd1 Qb6 14. Nxd5
Bxd5 15. Qb5 Bxd4 16. Qxb6 Bxb6 17. Bf4 Rfc8 18. Bd3 f6 19. Bd6 Kf7 20. b3 Rc6
21. Bb4 Bc5 22. Bb5 0-1

[Event "Open San Miguel Grupo B"]
[Site "Trevias ESP"]
[Date "2007.09.21"]
[Round "5.4"]
[White "Vega Viejo, Marcelino"]
[Black "Iglesias Valle, Julian"]
[Result "1-0"]
[WhiteElo "2093"]
[BlackElo "2169"]
[PlyCount "91"]
[EventDate "2007.09.17"]
[EventType "swiss"]
[EventCountry "ESP"]
[Source "lmi"]
[SourceDate "2007.09.17"]

1. d4 d6 2. Nf3 Nf6 3. c4 Nbd7 4. Nc3 c6 5. e4 e5 6. Be2 Be7 7. O-O O-O 8. Re1
a6 9. a3 b5 10. b4 bxc4 11. Bxc4 exd4 12. Nxd4 Ne5 13. Bf1 c5 14. Nc2 Bb7 15.
Rb1 Qc7 16. b5 axb5 17. Nxb5 Qc6 18. f3 Rfd8 19. Bb2 Ng6 20. Ne3 Ba6 21. a4 Bc8
22. Nf5 Bf8 23. Nh6+ gxh6 24. Bxf6 Re8 25. Nc3 Ba6 26. Bb5 Bxb5 27. axb5 Qd7
28. Nd5 Rab8 29. Ba1 Bg7 30. Bxg7 Kxg7 31. Qd3 f6 32. b6 Ne5 33. Qd2 Rf8 34.
Ne3 Kh8 35. f4 Nc6 36. Nf5 Nb4 37. Nxd6 Rxb6 38. e5 Ra6 39. Rbd1 Ra2 40. Qe3
Qc6 41. Qg3 fxe5 42. Rxe5 Ra7 43. Qc3 Rg7 44. Nf7+ Kg8 45. Nxh6+ Kh8 46. Rg5
1-0

[Event "Open San Miguel Grupo B"]
[Site "Trevias ESP"]
[Date "2007.09.21"]
[Round "5.5"]
[White "Fernandez Martin, Fermin Jorge"]
[Black "Lobo Rodriguez, Jesus Angel"]
[Result "1/2-1/2"]
[WhiteElo "2093"]
[BlackElo "2201"]
[PlyCount "122"]
[EventDate "2007.09.17"]
[EventType "swiss"]
[EventCountry "ESP"]
[Source "lmi"]
[SourceDate "2007.09.17"]

1. e4 c6 2. c4 d5 3. exd5 cxd5 4. cxd5 Nf6 5. Nc3 g6 6. Bc4 Bg7 7. Nf3 O-O 8.
O-O a6 9. a4 Nbd7 10. d3 Nb6 11. Qb3 Bf5 12. Re1 Rc8 13. Bg5 h6 14. Bh4 g5 15.
Bg3 Nfd7 16. Rad1 Nc5 17. Qa3 Re8 18. Be5 Nxc4 19. dxc4 Nd3 20. Rxd3 Bxd3 21.
Bxg7 Kxg7 22. c5 Qc7 23. d6 exd6 24. Nd5 Rxe1+ 25. Nxe1 Qxc5 26. Qxd3 Re8 27.
Ne3 Re5 28. g3 Qc1 29. Kf1 Qxb2 30. Qxd6 Re6 31. Qd5 Qb1 32. Qd4+ Kg6 33. Qh8
Qe4 34. Qa1 Rb6 35. Qh8 Rb1 36. Qg8+ Kf6 37. Qd8+ Kg7 38. Qd2 b5 39. axb5 axb5
40. Qd4+ Qxd4 41. Nf5+ Kf6 42. Nxd4 b4 43. Ke2 b3 44. Nb5 b2 45. Na3 Ra1 46.
Nec2 b1=Q 47. Nxb1 Rxb1 48. Ne3 h5 49. h4 Rb2+ 50. Kf3 g4+ 51. Kg2 Ra2 52. Nd5+
Kf5 53. Nf4 Ke4 54. Nxh5 Ra5 55. Nf4 f5 56. Ne2 Ra3 57. Nf4 Ra2 58. Ng6 Ra6 59.
Nf4 Rh6 60. Ne2 Kd3 61. Nf4+ Ke4 1/2-1/2

[Event "Open San Miguel Grupo B"]
[Site "Trevias ESP"]
[Date "2007.09.21"]
[Round "5.6"]
[White "Garrido Moreno, Angel Luis"]
[Black "Arias Torio, Sergio"]
[Result "0-1"]
[WhiteElo "2053"]
[BlackElo "2153"]
[PlyCount "78"]
[EventDate "2007.09.17"]
[EventType "swiss"]
[EventCountry "ESP"]
[Source "lmi"]
[SourceDate "2007.09.17"]

1. d4 c5 2. c3 e6 3. e4 Nf6 4. Bd3 Nc6 5. Nf3 d5 6. e5 Nd7 7. O-O Be7 8. Be3
cxd4 9. cxd4 Qb6 10. Nc3 a6 11. a3 Qa7 12. b4 b5 13. Rc1 Bb7 14. h4 h6 15. Qd2
Nb6 16. g3 Nc4 17. Bxc4 bxc4 18. Na4 Bc8 19. Nc5 Qb6 20. Rb1 Rb8 21. Qc2 Bd7
22. Kg2 Nd8 23. Bd2 Nb7 24. Bc3 Qc6 25. Rb2 Nxc5 26. dxc5 d4 27. Bxd4 Qd5 28.
Qe2 Bc6 29. Rd1 g5 30. hxg5 hxg5 31. Bc3 g4 32. Rxd5 Bxd5 33. Rd2 gxf3+ 34.
Qxf3 Bxf3+ 35. Kxf3 Rd8 36. a4 Rxd2 37. Bxd2 Kd7 38. Ke4 Kc6 39. Kd4 Rd8+ 0-1

[Event "Open San Miguel Grupo B"]
[Site "Trevias ESP"]
[Date "2007.09.21"]
[Round "5.7"]
[White "Oria Blasco, Alberto"]
[Black "Fernandez Torre, Ivan"]
[Result "0-1"]
[WhiteElo "2016"]
[BlackElo "2146"]
[PlyCount "172"]
[EventDate "2007.09.17"]
[EventType "swiss"]
[EventCountry "ESP"]
[Source "lmi"]
[SourceDate "2007.09.17"]

1. Nf3 d5 2. c4 c6 3. b3 Bf5 4. Bb2 e6 5. d3 Nf6 6. g3 h6 7. Bg2 Be7 8. O-O O-O
9. Nbd2 Nbd7 10. Re1 Bh7 11. Qc1 a5 12. Ba3 Bb4 13. Bxb4 axb4 14. a3 bxa3 15.
Rxa3 Qe7 16. b4 dxc4 17. dxc4 Nb6 18. Qb2 Rxa3 19. Qxa3 Ra8 20. Qb2 Ra4 21. b5
Nxc4 22. Nxc4 Rxc4 23. bxc6 Rxc6 24. Ne5 Rc7 25. Ra1 Be4 26. Ra8+ Kh7 27. Bxe4+
Nxe4 28. Qb1 f5 29. Nd3 Qd6 30. Qb5 Qc6 31. Qe5 Ng5 32. Nf4 Rd7 33. Ra1 Qb6 34.
h4 Ne4 35. e3 Rd6 36. Nxe6 Nf6 37. Qxf5+ Kg8 38. Ra8+ Kf7 39. Nd4 g6 40. Qc2
Rd7 41. Qc4+ Kg7 42. Ra1 Rc7 43. Qd3 Kf7 44. Nf3 Qe6 45. Kg2 Kg7 46. Ra5 Qc6
47. Qd1 b6 48. Ra3 Rf7 49. Kg1 Ng4 50. Qd4+ Nf6 51. Ne5 Qc1+ 52. Kg2 Qxa3 53.
Nxf7 Qa8+ 54. Kg1 Kxf7 55. Qxb6 Qa1+ 56. Kg2 Qe5 57. Qb7+ Qe7 58. Qxe7+ Kxe7
59. Kf3 h5 60. Kf4 Kf7 61. e4 Ng4 62. f3 Nf2 63. e5 Nh3+ 64. Ke4 Ke6 65. f4
Nf2+ 66. Kf3 Ng4 67. Ke4 Nh6 68. Kf3 Kf5 69. Kf2 Kg4 70. Kg2 Nf5 71. e6 Ne3+
72. Kf2 Nd5 73. Kg2 Kf5 74. Kf3 Kxe6 75. g4 Nf6 76. gxh5 gxh5 77. Kg3 Kf5 78.
Kf3 Nd5 79. Kg3 Nxf4 80. Kh2 Kg4 81. Kh1 Kxh4 82. Kh2 Kg4 83. Kh1 Kg3 84. Kg1
Nh3+ 85. Kh1 Nf2+ 86. Kg1 h4 0-1

[Event "Open San Miguel Grupo B"]
[Site "Trevias ESP"]
[Date "2007.09.21"]
[Round "5.8"]
[White "Miranda Gonzalez, Jose Luis"]
[Black "Alvariño Cazon, Jose Manuel"]
[Result "0-1"]
[WhiteElo "1990"]
[BlackElo "2115"]
[PlyCount "78"]
[EventDate "2007.09.17"]
[EventType "swiss"]
[EventCountry "ESP"]
[Source "lmi"]
[SourceDate "2007.09.17"]

1. e4 e6 2. d4 d5 3. e5 c5 4. c3 Nc6 5. Nf3 Bd7 6. Be2 Qb6 7. O-O f6 8. dxc5
Bxc5 9. b4 Be7 10. Bd3 fxe5 11. b5 Nd8 12. Nxe5 Nf6 13. Bg5 Nf7 14. Nxf7 Kxf7
15. Nd2 Rac8 16. c4 d4 17. Bxf6 Bxf6 18. Ne4 Ke7 19. a4 Qc7 20. f4 g6 21. Qb3
Rcf8 22. g3 Kd8 23. c5 e5 24. Rac1 Bh3 25. Rf2 exf4 26. Rxf4 Be5 27. Qd5+ Kc8
28. Rxf8+ Rxf8 29. a5 Rd8 30. Qc4 Bf4 31. gxf4 Qxf4 32. Nd6+ Kb8 33. Be4 Rxd6
34. Qg8+ Bc8 35. Re1 Rf6 36. Qa2 d3 37. Bg2 d2 38. Rd1 Qf2+ 39. Kh1 Qe1+ 0-1

[Event "Open San Miguel Grupo B"]
[Site "Trevias ESP"]
[Date "2007.09.21"]
[Round "5.9"]
[White "Garcia-Monteavaro Rodriguez, Carl"]
[Black "Marcos Pinto, Luis"]
[Result "0-1"]
[WhiteElo "2084"]
[BlackElo "2015"]
[PlyCount "74"]
[EventDate "2007.09.17"]
[EventType "swiss"]
[EventCountry "ESP"]
[Source "lmi"]
[SourceDate "2007.09.17"]

1. e4 c5 2. Nf3 Nc6 3. d4 cxd4 4. Nxd4 e5 5. Nxc6 bxc6 6. c4 Nf6 7. Bd3 Be7 8.
Nc3 O-O 9. O-O Kh8 10. Qe2 Qc7 11. Be3 d6 12. f3 Be6 13. Rac1 Qb7 14. b3 Nh5
15. Qd2 Qd7 16. Rfd1 f5 17. exf5 Bxf5 18. Bxf5 Qxf5 19. Ne4 Rfd8 20. Bg5 Nf6
21. Bxf6 gxf6 22. Rc3 d5 23. Ng3 Qg6 24. Rd3 d4 25. Qa5 Rd7 26. c5 f5 27. Qe1
Bf6 28. b4 Re8 29. Ra3 e4 30. Qf1 d3 31. fxe4 fxe4 32. Nxe4 Rxe4 33. Raxd3 Rxd3
34. Qxd3 Rd4 35. Qe2 Rxd1+ 36. Qxd1 Qe4 37. Qh5 Qe1# 0-1

[Event "Open San Miguel Grupo B"]
[Site "Trevias ESP"]
[Date "2007.09.21"]
[Round "5.10"]
[White "Fernandez Fernandez, Alfredo"]
[Black "Montes Gutierrez, Ignacio"]
[Result "0-1"]
[WhiteElo "1969"]
[BlackElo "2084"]
[PlyCount "72"]
[EventDate "2007.09.17"]
[EventType "swiss"]
[EventCountry "ESP"]
[Source "lmi"]
[SourceDate "2007.09.17"]

1. e4 e6 2. d3 d5 3. Nd2 c5 4. Ngf3 Nc6 5. c3 g6 6. Be2 Bg7 7. O-O Nge7 8. Re1
O-O 9. Qc2 b6 10. Nf1 a5 11. Bf4 h6 12. h3 a4 13. a3 e5 14. exd5 Nxd5 15. Bh2
Be6 16. Ne3 Nxe3 17. fxe3 f5 18. Kh1 Qe7 19. Bg1 g5 20. Nh2 Bb3 21. Qb1 e4 22.
Bd1 Bf7 23. dxe4 fxe4 24. Bc2 Bg6 25. Qa2+ Kh7 26. Ng4 h5 27. Nf2 g4 28. Qd5
Rxf2 29. Bxf2 Rd8 30. Qxc6 Rd2 31. Qxa4 gxh3 32. Rf1 hxg2+ 33. Kxg2 Qg5+ 34.
Kh1 Qg4 35. Bd1 Qh3+ 36. Kg1 Be5 0-1

[Event "Open San Miguel Grupo B"]
[Site "Trevias ESP"]
[Date "2007.09.21"]
[Round "5.11"]
[White "Fernandez-Velasco Climent, Fernan"]
[Black "Martinez Rodriguez, Ezequiel"]
[Result "1-0"]
[WhiteElo "1914"]
[BlackElo "1913"]
[PlyCount "128"]
[EventDate "2007.09.17"]
[EventType "swiss"]
[EventCountry "ESP"]
[Source "lmi"]
[SourceDate "2007.09.17"]

1. e4 d5 2. exd5 e5 3. Nc3 f5 4. Bb5+ Bd7 5. Qe2 Bd6 6. Nf3 Nf6 7. Nxe5 O-O 8.
Nxd7 Nbxd7 9. Bxd7 Nxd7 10. Qe6+ Kh8 11. O-O Ne5 12. d4 Nf3+ 13. gxf3 Bxh2+ 14.
Kg2 f4 15. Ne4 Re8 16. Qg4 Qxd5 17. Ng5 h6 18. Ne4 Qxd4 19. Kxh2 g5 20. Qf5 Kg7
21. Bd2 Rf8 22. Qxf8+ Kxf8 23. Bc3 Qb6 24. Rad1 Re8 25. Nf6 Qc6 26. Nxe8 Qxf3
27. Nf6 g4 28. Rd8+ Kf7 29. Rd7+ Kg6 30. Nxg4 Kf5 31. Nxh6+ Ke6 32. Rd3 Qh5+
33. Rh3 Qb5 34. Re1+ Kd7 35. Re5 Qf1 36. Rd3+ Kc6 37. Re6+ Kb5 38. Rd5+ c5 39.
Bd4 b6 40. b3 Kb4 41. Re4 cxd4 42. Rdxd4+ Kc3 43. Rc4+ Kb2 44. Rxf4 b5 45. Rc7
Qc1 46. Kg3 Qg1+ 47. Kh4 Qh2+ 48. Kg5 Qg2+ 49. Ng4 Qd5+ 50. Kg6 Qd6+ 51. Rf6
Qxc7 52. f4 Qxc2+ 53. Kg7 Qg2 54. Rg6 Qb7+ 55. Kf6 Qc6+ 56. Kg5 Qc1 57. Ne5
Kxa2 58. b4 Kb3 59. Kf5 Qc2+ 60. Ke6 a6 61. f5 Qc8+ 62. Nd7 Qa8 63. Kd6 Qe4 64.
Nc5+ Kxb4 1-0

[Event "Open San Miguel Grupo B"]
[Site "Trevias ESP"]
[Date "2007.09.21"]
[Round "5.12"]
[White "Menendez Solar, Jose Carlos"]
[Black "Martin Fernandez, Jorge"]
[Result "0-1"]
[WhiteElo "1925"]
[BlackElo "1941"]
[PlyCount "84"]
[EventDate "2007.09.17"]
[EventType "swiss"]
[EventCountry "ESP"]
[Source "lmi"]
[SourceDate "2007.09.17"]

1. d4 Nf6 2. Nf3 d5 3. Bf4 c6 4. e3 Qb6 5. Qc1 Bf5 6. Nbd2 e6 7. Be2 h6 8. h3
Be7 9. O-O O-O 10. Ne5 c5 11. dxc5 Bxc5 12. Nb3 Be7 13. Nd4 Bh7 14. f3 Nc6 15.
c3 Rfd8 16. Nd3 Nd7 17. Bg3 Rac8 18. Qd2 Bf6 19. a4 Na5 20. Ra2 e5 21. Nc2 Nc4
22. Qc1 d4 23. exd4 exd4 24. Bf2 Ne3 25. Nxe3 dxe3 26. Qxe3 Qxe3 27. Bxe3 Re8
28. Kf2 Bh4+ 29. g3 Bxg3+ 30. Kxg3 Rxe3 31. Kf2 Rce8 32. Nc1 Nf6 33. Bb5 R8e7
34. Rd1 g5 35. Nb3 Kg7 36. Nd4 Nh5 37. Bd7 R3e5 38. Bg4 Nf4 39. Bc8 Rc7 40. Bg4
f5 41. Re1 Nd3+ 42. Kg3 Nxe1 0-1

[Event "Open San Miguel Grupo B"]
[Site "Trevias ESP"]
[Date "2007.09.22"]
[Round "6.1"]
[White "Fabre Masana, Miguel"]
[Black "Arias Rodriguez, Santiago"]
[Result "1/2-1/2"]
[WhiteElo "2159"]
[BlackElo "2166"]
[PlyCount "69"]
[EventDate "2007.09.17"]
[EventType "swiss"]
[EventCountry "ESP"]
[Source "lmi"]
[SourceDate "2007.09.17"]

1. e4 c5 2. Nf3 d6 3. c3 Nf6 4. Be2 Nc6 5. d4 cxd4 6. cxd4 Nxe4 7. d5 Qa5+ 8.
Nc3 Nxc3 9. bxc3 Ne5 10. Nxe5 Qxc3+ 11. Bd2 Qxe5 12. O-O f6 13. Re1 Qxd5 14.
Rc1 Bd7 15. Bf3 Qb5 16. Re4 Qa6 17. Rec4 e6 18. Rc7 d5 19. Be2 b5 20. Qb3 Rb8
21. a4 Bd6 22. Rxd7 Kxd7 23. Bxb5+ Ke7 24. Bb4 Rhc8 25. Rxc8 Qxc8 26. Bxd6+
Kxd6 27. Qg3+ e5 28. Qxg7 Qc1+ 29. Bf1 Ke6 30. Qxh7 Rb1 31. Qg8+ Kd6 32. Qf8+
Ke6 33. Qg8+ Ke7 34. Qh7+ Ke6 35. Qg8+ 1/2-1/2

[Event "Open San Miguel Grupo B"]
[Site "Trevias ESP"]
[Date "2007.09.22"]
[Round "6.2"]
[White "Vega Viejo, Marcelino"]
[Black "Fidalgo Fernandez, Lucia"]
[Result "1-0"]
[WhiteElo "2093"]
[BlackElo "2068"]
[PlyCount "83"]
[EventDate "2007.09.17"]
[EventType "swiss"]
[EventCountry "ESP"]
[Source "lmi"]
[SourceDate "2007.09.17"]

1. Nf3 Nf6 2. c4 d5 3. cxd5 Nxd5 4. d4 e6 5. e4 Nf6 6. Nc3 c5 7. d5 exd5 8.
exd5 a6 9. a4 Bd6 10. Be2 O-O 11. O-O h6 12. Nd2 Be5 13. Nde4 Nxe4 14. Nxe4
Bxh2+ 15. Kxh2 Qh4+ 16. Kg1 Qxe4 17. Be3 Rd8 18. Bf3 Qb4 19. Qc2 Nd7 20. a5 Ne5
21. Be2 c4 22. Qe4 Nd7 23. b3 Nf6 24. Qxc4 Qd6 25. Bb6 Re8 26. Bf3 Bf5 27. Bc7
Qd7 28. Rfe1 Rxe1+ 29. Rxe1 Re8 30. Re5 Bg6 31. g3 Kh7 32. Kg2 Kg8 33. Rxe8+
Qxe8 34. d6 Be4 35. Bxe4 Nxe4 36. Qd5 Nf6 37. Qxb7 Kh7 38. Qf3 Qb5 39. g4 Qg5
40. Qf5+ Qxf5 41. gxf5 Nd7 42. b4 1-0

[Event "Open San Miguel Grupo B"]
[Site "Trevias ESP"]
[Date "2007.09.22"]
[Round "6.3"]
[White "Aparicio Garcia, Enrique"]
[Black "Fernandez Torre, Ivan"]
[Result "0-1"]
[WhiteElo "2179"]
[BlackElo "2146"]
[PlyCount "68"]
[EventDate "2007.09.17"]
[EventType "swiss"]
[EventCountry "ESP"]
[Source "lmi"]
[SourceDate "2007.09.17"]

1. e4 c5 2. Nf3 e6 3. d4 cxd4 4. c3 Nf6 5. e5 Nd5 6. cxd4 d6 7. Nc3 Nxc3 8.
bxc3 Qc7 9. Qc2 dxe5 10. Nxe5 Nd7 11. Nc4 Nf6 12. Bd3 h6 13. O-O Be7 14. f4 O-O
15. Rf3 b5 16. Ne5 b4 17. c4 Bb7 18. Rg3 Qd8 19. Qf2 Ne4 20. Bxe4 Bxe4 21. Bb2
Bh4 22. Ng4 Bxg3 23. Qxg3 Kh7 24. Re1 Bf5 25. d5 f6 26. Ne3 Qd7 27. Rd1 Qa4 28.
Bd4 exd5 29. Rd2 Be4 30. f5 b3 31. Qg6+ Kh8 32. Ng4 bxa2 33. Ba1 Qxc4 34. Rf2
Rab8 0-1

[Event "Open San Miguel Grupo B"]
[Site "Trevias ESP"]
[Date "2007.09.22"]
[Round "6.4"]
[White "Arias Torio, Sergio"]
[Black "Martinez Riesgo, Jesus"]
[Result "1-0"]
[WhiteElo "2153"]
[BlackElo "2021"]
[PlyCount "69"]
[EventDate "2007.09.17"]
[EventType "swiss"]
[EventCountry "ESP"]
[Source "lmi"]
[SourceDate "2007.09.17"]

1. d4 Nf6 2. Nf3 e6 3. Bg5 h6 4. Bh4 c5 5. c3 Nc6 6. Nbd2 d5 7. e3 Bd6 8. Bd3
O-O 9. Bg3 Re8 10. Ne5 Bxe5 11. dxe5 Nd7 12. Nf3 f5 13. exf6 Qxf6 14. Bc2 b6
15. Qd3 Nf8 16. e4 d4 17. e5 Qd8 18. O-O dxc3 19. Qxc3 Bb7 20. Rfd1 Qc7 21. Rd6
Nb4 22. Ba4 Red8 23. Rad1 Nd5 24. Qc4 a6 25. Qg4 b5 26. Bc2 Re8 27. Nh4 Ne7 28.
Bf4 Kh8 29. R1d3 Nf5 30. Nxf5 exf5 31. Qxf5 c4 32. Rd1 Bc8 33. Qh5 Be6 34. h3
Ra7 35. Qxe8 1-0

[Event "Open San Miguel Grupo B"]
[Site "Trevias ESP"]
[Date "2007.09.22"]
[Round "6.5"]
[White "Alvariño Cazon, Jose Manuel"]
[Black "Sierra Canosa, Francisco"]
[Result "0-1"]
[WhiteElo "2115"]
[BlackElo "2123"]
[PlyCount "106"]
[EventDate "2007.09.17"]
[EventType "swiss"]
[EventCountry "ESP"]
[Source "lmi"]
[SourceDate "2007.09.17"]

1. e4 c5 2. Nf3 Nc6 3. d4 cxd4 4. Nxd4 g6 5. Bc4 Nf6 6. Nc3 Qa5 7. O-O Bg7 8.
Nxc6 bxc6 9. Re1 d6 10. e5 dxe5 11. Qf3 e4 12. Rxe4 O-O 13. Re1 Nd5 14. Bd2
Nxc3 15. Bxc3 Bxc3 16. Qxc3 Qxc3 17. bxc3 Re8 18. Rad1 Bf5 19. Rd2 Rad8 20.
Red1 Rxd2 21. Rxd2 Kg7 22. f3 Kf6 23. Kf2 Be6 24. Rd4 Bxc4 25. Rxc4 Rc8 26. Ke3
e5 27. g4 Kg5 28. Kf2 h5 29. gxh5 gxh5 30. Ke3 f5 31. Ra4 Rc7 32. h4+ Kf6 33.
Rb4 Rg7 34. Kf2 Ke6 35. Rb8 Rh7 36. Ke3 Rg7 37. Rh8 Rg2 38. Rh6+ Kd5 39. Rxh5
f4+ 40. Kd3 Rf2 41. c4+ Kd6 42. c5+ Ke6 43. Rh6+ Kd5 44. Rh7 Rxf3+ 45. Kd2 e4
46. Rh5+ Kd4 47. Ke2 Rh3 48. Rh7 Rh2+ 49. Kf1 Ke3 50. Rxa7 Kf3 51. Ra3+ e3 52.
Kg1 Rg2+ 53. Kf1 Rxc2 0-1

[Event "Open San Miguel Grupo B"]
[Site "Trevias ESP"]
[Date "2007.09.22"]
[Round "6.6"]
[White "Lobo Rodriguez, Jesus Angel"]
[Black "Marcos Pinto, Luis"]
[Result "1-0"]
[WhiteElo "2201"]
[BlackElo "2015"]
[PlyCount "95"]
[EventDate "2007.09.17"]
[EventType "swiss"]
[EventCountry "ESP"]
[Source "lmi"]
[SourceDate "2007.09.17"]

1. d4 d5 2. Nf3 Nf6 3. c4 c6 4. cxd5 cxd5 5. Nc3 Bf5 6. Bf4 Nc6 7. e3 e6 8. Bb5
Be7 9. Ne5 Rc8 10. Nxc6 bxc6 11. Ba6 O-O 12. Bxc8 Qxc8 13. O-O c5 14. dxc5 Qxc5
15. Rc1 Qb4 16. Qd4 Qa5 17. Qa4 Qb6 18. Be5 Ng4 19. Bd4 Qb8 20. g3 e5 21. Nxd5
Bd6 22. Bxa7 Qxb2 23. e4 Be6 24. Rc2 Qb7 25. Qc6 Qxa7 26. Qxd6 h5 27. h3 Qa4
28. Qc6 Qxc6 29. Rxc6 Nf6 30. Nxf6+ gxf6 31. Ra1 Kg7 32. h4 Ra8 33. a4 Ra5 34.
f3 Bb3 35. Ra3 Bd1 36. Kf2 Rxa4 37. Rxa4 Bxa4 38. Rb6 Bd7 39. f4 exf4 40. gxf4
f5 41. e5 Ba4 42. Ke3 Bd7 43. Kd4 Bc8 44. Kc5 Bd7 45. Kd6 Be6 46. Ke7 Bd5 47.
Rf6 Be4 48. Rxf7+ 1-0

[Event "Open San Miguel Grupo B"]
[Site "Trevias ESP"]
[Date "2007.09.22"]
[Round "6.7"]
[White "Iglesias Valle, Julian"]
[Black "Fernandez Martin, Fermin Jorge"]
[Result "1-0"]
[WhiteElo "2169"]
[BlackElo "2093"]
[PlyCount "81"]
[EventDate "2007.09.17"]
[EventType "swiss"]
[EventCountry "ESP"]
[Source "lmi"]
[SourceDate "2007.09.17"]

1. c4 e6 2. e4 d5 3. cxd5 exd5 4. e5 c5 5. Nf3 Nc6 6. Bb5 Nge7 7. b4 Qb6 8.
Bxc6+ Nxc6 9. bxc5 Bxc5 10. O-O Bg4 11. h3 Bh5 12. Nc3 O-O 13. Na4 Qa5 14. Nxc5
Qxc5 15. g4 Bg6 16. d4 Qb6 17. Ba3 Rfe8 18. Bc5 Qd8 19. Qd2 f6 20. Rad1 Be4 21.
Qf4 Bxf3 22. Qxf3 fxe5 23. dxe5 Rxe5 24. Qb3 b6 25. f4 bxc5 26. fxe5 Nd4 27.
Qb7 Rb8 28. Qf7+ Kh8 29. Rxd4 cxd4 30. e6 Qd6 31. Kh1 Qa3 32. Kg2 Rb2+ 33. Rf2
Rxf2+ 34. Qxf2 h6 35. Qxd4 Qxa2+ 36. Kf3 Qa3+ 37. Kf4 Qd6+ 38. Qe5 Qxe5+ 39.
Kxe5 Kg8 40. Kd6 Kf8 41. Kd7 1-0

[Event "Open San Miguel Grupo B"]
[Site "Trevias ESP"]
[Date "2007.09.22"]
[Round "6.8"]
[White "Montes Gutierrez, Ignacio"]
[Black "Garrido Moreno, Angel Luis"]
[Result "1-0"]
[WhiteElo "2084"]
[BlackElo "2053"]
[PlyCount "87"]
[EventDate "2007.09.17"]
[EventType "swiss"]
[EventCountry "ESP"]
[Source "lmi"]
[SourceDate "2007.09.17"]

1. Nf3 c5 2. c4 Nc6 3. g3 g6 4. Bg2 Bg7 5. O-O Nf6 6. Nc3 O-O 7. d4 cxd4 8.
Nxd4 a6 9. c5 Ne8 10. Nxc6 bxc6 11. Bxc6 Rb8 12. Na4 Qc7 13. Bg2 Bb7 14. Bf4 e5
15. Be3 Bxg2 16. Kxg2 Rb4 17. Nb6 Nf6 18. Qd2 Qc6+ 19. Kg1 a5 20. Rab1 Qe6 21.
Rfd1 Qh3 22. f3 Rg4 23. Qe1 e4 24. Qf1 Qh5 25. Nxd7 exf3 26. exf3 Rb4 27. Nxf8
Bxf8 28. Qf2 Nd5 29. Rxd5 Qxd5 30. Rc1 Rc4 31. Rxc4 Qxc4 32. b3 Qd5 33. Kg2 h5
34. Qd2 Qe6 35. Qd4 a4 36. Qe4 Qa6 37. Qc4 Qf6 38. b4 Qb2+ 39. Bf2 Bh6 40. c6
Be3 41. c7 Qxf2+ 42. Kh3 g5 43. c8=Q+ Kg7 44. Qf5 1-0

[Event "Open San Miguel Grupo B"]
[Site "Trevias ESP"]
[Date "2007.09.22"]
[Round "6.9"]
[White "Oria Blasco, Alberto"]
[Black "Miranda Gonzalez, Jose Luis"]
[Result "1/2-1/2"]
[WhiteElo "2016"]
[BlackElo "1990"]
[PlyCount "82"]
[EventDate "2007.09.17"]
[EventType "swiss"]
[EventCountry "ESP"]
[Source "lmi"]
[SourceDate "2007.09.17"]

1. Nf3 d5 2. c4 c6 3. b3 Bg4 4. Ne5 Bf5 5. d3 Nf6 6. g3 Nbd7 7. Nf3 e5 8. Bg2
dxc4 9. Nh4 Bg4 10. bxc4 Bb4+ 11. Bd2 Bd6 12. Nc3 Nc5 13. Qc2 Ne6 14. e3 g5 15.
Nf3 h5 16. h3 Bxf3 17. Bxf3 Qd7 18. Bg2 O-O-O 19. Rb1 Bb8 20. Ke2 Nc5 21. Rhd1
Qxd3+ 22. Qxd3 Nxd3 23. Ne4 Nxe4 24. Bxe4 Nc5 25. Bf5+ Ne6 26. e4 Rhg8 27.
Bxe6+ fxe6 28. Be3 Rxd1 29. Rxd1 b6 30. g4 h4 31. a4 c5 32. Rd3 Kc7 33. Rb3 Kc6
34. a5 Bd6 35. a6 Be7 36. Rb5 Rd8 37. f3 Rd7 38. Bf2 Rd8 39. Be3 Rb8 40. Bf2
Bd6 41. Be3 Be7 1/2-1/2

[Event "Open San Miguel Grupo B"]
[Site "Trevias ESP"]
[Date "2007.09.22"]
[Round "6.10"]
[White "Garcia-Monteavaro Rodriguez, Carl"]
[Black "Fernandez-Velasco Climent, Fernan"]
[Result "0-1"]
[WhiteElo "2084"]
[BlackElo "1914"]
[PlyCount "76"]
[EventDate "2007.09.17"]
[EventType "swiss"]
[EventCountry "ESP"]
[Source "lmi"]
[SourceDate "2007.09.17"]

1. e4 c5 2. Nf3 Nc6 3. d4 cxd4 4. Nxd4 g6 5. c3 Bg7 6. Be3 d5 7. Nxc6 bxc6 8.
exd5 Qxd5 9. Qxd5 cxd5 10. Bb5+ Bd7 11. Na3 a6 12. Bxd7+ Kxd7 13. O-O-O Kc6 14.
Nc2 e6 15. Bd4 Bxd4 16. Rxd4 Ne7 17. c4 Rhc8 18. Kb1 Kd6 19. Ne3 e5 20. Rd2 d4
21. b3 Ke6 22. Nd1 Rab8 23. Re1 Rxc4 24. Nb2 Rcb4 25. Kc2 Kf5 26. g4+ Kf6 27.
f4 e4 28. Nc4 d3+ 29. Kc1 Nd5 30. Rxe4 Nc3 31. g5+ Kg7 32. Re3 Rxc4 33. Rdxd3
Nxa2+ 34. Kb2 Nc1 35. Rc3 Rxb3+ 36. Rxb3 Nxb3 37. Rxb3 Rxf4 38. Rg3 Rf2+ 0-1

[Event "Open San Miguel Grupo B"]
[Site "Trevias ESP"]
[Date "2007.09.22"]
[Round "6.11"]
[White "Martin Fernandez, Jorge"]
[Black "Fernandez Fernandez, Alfredo"]
[Result "1/2-1/2"]
[WhiteElo "1941"]
[BlackElo "1969"]
[PlyCount "41"]
[EventDate "2007.09.17"]
[EventType "swiss"]
[EventCountry "ESP"]
[Source "lmi"]
[SourceDate "2007.09.17"]

1. d4 Nf6 2. Nf3 e6 3. Bf4 c5 4. e3 d5 5. c3 Bd6 6. Bg3 O-O 7. Nbd2 b6 8. Bd3
Bb7 9. O-O Bxg3 10. hxg3 cxd4 11. exd4 Ba6 12. Bxa6 Nxa6 13. Qe2 Nb8 14. Ne5
Qd6 15. Rfe1 Nfd7 16. Ndf3 Nc6 17. Rad1 Ndxe5 18. Nxe5 Nxe5 19. Qxe5 Qxe5 20.
Rxe5 Rac8 21. a3 1/2-1/2